000 00691cam a2200229 4500
999 _c129681
_d129681
001 763183
003 ARRUPE
005 20190606103624.0
008 690424s1969 nyu 000 1 eng
010 _a 69013735
040 _aDLC
_cDLC
_dDLC
050 0 0 _aPZ4.W852
_bW45
082 0 0 _a813/.5/4
100 1 _aWoiwode, Larry.
_946601
245 1 0 _aWhat I'm going to do, I think,
_cby L. Woiwode.
260 _aNew York,
_bAvon Books
_c1966
300 _a311 p.
_c22 cm.
350 _a5.95
650 0 _aMarried people
_xFiction.
_946602
650 0 _aMurder
_xFiction.
_946603
906 _a7
_bcbc
_corignew
_du
_encip
_f19
_gy-gencatlg
942 _2lcc
_cMONOGRAPH